Statistics for Guess the Thunderclan cats

Click here to take the quiz!

General Stats

  • This quiz has been taken 5 times
  • The average score is 60 of 138

Answer Stats

HintAnswer% Correct
Annoying cream-colored tomBerrynose
100%
Whitewing's mateBirchfall
100%
Moonflower's daughter who became clan leaderBluestar
100%
Sorreltail's mateBrackenfur
100%
Got possesed by AshfurBramblestar
100%
She-cat who's hind legs are paralyzedBriarlight
100%
Cloudtail's AMAZING mateBrightheart
100%
Ashfur's momBrindleface
100%
Tribe cat that Stormfur fell in love withBrook
100%
Briarlight's brotherBumblestripe
100%
Eaglewing's motherBlossomfall
75%
Rootsprings so-called "love intrest"Bristlefrost
75%
Lionblaze's mateCinderheart
75%
Firestar's first apprenticeCinderpelt
75%
Horseplace cat, mother of BerrynoseDaisy
75%
Redtail's fatherAdderfang
50%
Sorrelstripe and Dewnose's sonBaypaw
50%
Sparkpelt's mentorCherryfall
50%
Firestar's NephewCloudtail
50%
Moonflower's motherDaisytoe
50%
Squirrelflight's dead daughterDandelionkit
50%
Stormtail's second mateDappletail
50%
Ferncloud's first mentorDarkstripe
50%
Sorrelstripe's mateDewnose
50%
Tigerheart/star's mateDovewing
50%
Ferncloud's mateDustpelt
50%
Ambermoon's apprenticeEaglewing
50%
Ashfur's brotherElderkit
50%
Goosefeather's apprenticeFeatherwhisker
50%
Ivypool's mateFernsong
50%
"All hail the great and mighty Thunderclan leader" That orange tom who is "So perfect!"Firestar
50%
Lilyheart's current apprentice, Sparkpelt's kitFlamepaw
50%
Bristlefrost's brotherFlipclaw
50%
Icecloud's brotherFoxleap
50%
Brindleface's sisterFrostfur
50%
Brambleclaw/star's motherGoldenflower
50%
Moonflower's brotherGoosefeather
50%
Firestar's best friendGraystripe
50%
Mousewhisker's sisterHazeltail
50%
Birchfall's sister who Hollyleaf was named afterHollykit
50%
Jayfeather and Lionblaze's sisterHollyleaf
50%
Berrynose's dead loveHoneyfern
50%
Leafshade's sisterHoneyfur
50%
Dovewing's sisterIvypool
50%
Leafpool's apprentice/sonJayfeather
50%
Birchfall and Hollykit's dead littermate | Petalkit and Patchkit's littermate, Mapleshade's kitLarchkit
50%
Sparkpelt's mate | Sunfall/star and Featherwhisker's motherLarksong
50%
Squirrelflight's sisterLeafpool
50%
Honeyfur's sisterLeafshade
50%
Seedpaw's littermate, She-catLilyheart
50%
Used to be invincible in battle but now hes a father of MANY kitsLionblaze
50%
Mousefur's unofficial mateLongtail
50%
Appledusk's mate, the best female villanMapleshade
50%
Graystripe's second mateMillie
50%
Tigerclaw/star and Nightkit's sister, Leopardfoot's kitMistkit
50%
Bluefur/star's motherMoonflower
50%
Runningwind's sisterMousefur
50%
Leopardfoot's littermate, TomPatchpelt
50%
Thistleclaw's motherPoppydawn
50%
Berrynose's matePoppyfrost
50%
Dustpelt's littermateRavenpaw
50%
Sandstorm's fatherRedtail
50%
Spiderleg's daughterRosepetal
50%
Sweetpaw's sisterRosetail
50%
Redtail's daughterSandstorm
50%
Spotfur and Flywhisker's littermateSnaptooth
50%
Bluefur/star's sisterSnowfur
50%
Speckletail's deaf kitSnowkit
50%
Alderheart's living sisterSparkpelt
50%
Rosepetal's fatherSpiderleg
50%
Stemleaf's mateSpotfur
50%
Fireheart/star's first loveSpottedleaf
50%
Current Thunderclan leaderSquirrelflight
50%
Spotfur's mateStemleaf
50%
Bluefur/star's first mentorStonepelt
50%
Blossomfall's mateThornclaw
50%
Bristlefrost's sisterThriftear
50%
First Thunderclan leaderThunder
50%
Rosepetal's brotherToadstep
50%
Ferncloud's sisterTulipkit
50%
Finleap's mateTwigbranch
50%
Bluestar's nephewWhitestorm
50%
Dustpelt's mateFerncloud
25%
Cinderheart's current apprentice, Sparkpelt's kitFinchpaw
25%
Twigbranch's mateFinleap
25%
Sparkpelt's dead kitFlickerkit
25%
Ravenpaw's fatherFuzzypelt
25%
Sorrelstripe and Fernsong's littermateHollytuft
25%
Foxleap's littermateIcecloud
25%
Squirrelflight's dead sonJuniperkit
25%
Tigerclaw/star's motherLeopardfoot
25%
Goldenflower's brotherLionheart
25%
Sorreltail's dead son in her first litterMolepaw
25%
Alderheart's first mentorMolewhisker
25%
Hazeltail and Berrynose's brotherMousewhisker
25%
Sorrelstripe and Dewnose's daughterMyrtlepaw
25%
Tigerclaw/star and Mistkit's sister, Leopardfoot's kitNightkit
25%
Thunderclan leader in Mapleshade's VengeanceOakstar
25%
Mousefur's motherOne eye
25%
Larchkit and Petalkit's brotherPatchkit
25%
Patchkit and Larchkit's littermate, Mapleshade's kitPetalkit
25%
Tigerclaw/star's fatherPinestar
25%
Eaglewing, Shellfur, and Stemleaf's littermatePlumstone
25%
Sootfur's brotherRainwhisker
25%
Frostfur and Brindleface's motherRobinwing
25%
Mousefur's brotherRunningwind
25%
Lilyheart's littermateSeedpaw
25%
Eaglewing, Stemleaf, and Plumstone's littermateShellfur
25%
Squirrelflight's best friend as an apprenticeShrewpaw
25%
Leafshade's fatherSnowbush
25%
Rainwhisker's brotherSootfur
25%
Sootfur and Rainwhisker's sisterSorreltail
25%
Goldenflower's motherSpeckletail
25%
Was once a kittypet named FrankieStormcloud
25%
Graystripe's first sonStormfur
25%
Bluefur/star's fatherStormtail
25%
Pinestar's succesorSunstar
25%
Pinestar's motherSweetbriar
25%
Rosetail's sisterSweetpaw
25%
Apprentice killed by dogsSwiftpaw
25%
Brambleclaw/star's sisterTawnypelt
25%
Snowfur's mateThistleclaw
25%
The cat who Thunderclan thought was the father of Bluefur/star's kitsThrushpelt
25%
Thunderstar's mateViolet Dawn
25%
Dovewing's motherWhitewing
25%
Redtail's warrior littermateWillowpelt
25%
Cinderpelt's mentorYellowfang
25%
She-cat that Flipclaw had a crush onFlywhisker
0%
Mousefur's fatherHalftail
0%
Moonflower's dead kitMosskit
0%
Robinwing's mentorMumblefoot
0%
The old loner who became an elder and loves to tell exaggerated storiesPurdy
0%
Goldenflower's fatherSmallear
0%
Baypaw's motherSorrelstripe
0%
Adderfang's mateSwiftbreeze
0%
Sunfall/star's first deputyTawnyspots
0%

Score Distribution

Percentile by Number Answered

Percent of People with Each Score

Your Score History

You have not taken this quiz